Clinical epidemiology (Record no. 16265)

MARC details
000 -LEADER
fixed length control field 00598nam a22001817a 4500
008 - FIXED-LENGTH DATA ELEMENTS--GENERAL INFORMATION
fixed length control field 161207b xxu||||| |||| 00| 0 eng d
020 ## - INTERNATIONAL STANDARD BOOK NUMBER
International Standard Book Number 0316765953
040 ## - CATALOGING SOURCE
Original cataloging agency KABU
Transcribing agency KABU
050 ## - LIBRARY OF CONGRESS CALL NUMBER
Classification number RA652
Item number .S23 1985
100 ## - MAIN ENTRY--PERSONAL NAME
Personal name Sackett,David L.
245 ## - TITLE STATEMENT
Title Clinical epidemiology
Remainder of title a basic science for clinical medicine
Statement of responsibility, etc. R. Brian Haynes and Peter Tugwell
260 ## - PUBLICATION, DISTRIBUTION, ETC. (IMPRINT)
Place of publication, distribution, etc. Toronto
Name of publisher, distributor, etc. Little, Brown and company
Date of publication, distribution, etc. 1985
300 ## - PHYSICAL DESCRIPTION
Extent xii, 370 p.
650 ## - SUBJECT ADDED ENTRY--TOPICAL TERM
Topical term or geographic name as entry element Clinical epidemiology
700 ## - ADDED ENTRY--PERSONAL NAME
Personal name Haynes, R.Brian
700 ## - ADDED ENTRY--PERSONAL NAME
Personal name Tugwell, Peter
942 ## - ADDED ENTRY ELEMENTS (KOHA)
Source of classification or shelving scheme Library of Congress Classification
Koha item type General Collection
Classification part RA652 .S23 1985 C.1
Holdings
Withdrawn status Lost status Source of classification or shelving scheme Not for loan Home library Current library Shelving location Date acquired Cost, normal purchase price Total Checkouts Full call number Barcode Date last seen Date last checked out Copy number Price effective from Koha item type
    Library of Congress Classification   Kabarak, Main Campus Kabarak, Main Campus General Stacks 07/12/2016 4517.37 1 RA652 .S23 1985 C.1 027041 07/01/2026 11/09/2025 C.1 07/12/2016 General Collection
Designed with assistance from East African Informatics Ltd